000 00555ntaaa2200181 4500
003 01
005 20251027202338.0
008 0714s1973 ag 01
040 _aAR-BaBN
_bspa
_cAR-BaBN
_eaacr
_dRIC
082 _a296.1200 N46
245 _aThe ttalmudic anthology
250 _a1 ed.
260 _aNew York :
_bBohrman House,
_c1962
300 _axxxiv, 570 p
500 _aA collection of parables, folktales, fables, aphorism, epigrams, sayings, anecdotes, proverbs, and exegetical interpretations.
700 _aNewman, Louis I.
_922081
942 _cBK
999 _c18307
_d18307